| 000 | 00512 a2200169 4500 | ||
|---|---|---|---|
| 003 | NUST | ||
| 005 | 20230102160412.0 | ||
| 020 | _a9780975586044 | ||
| 040 | _cNust | ||
| 082 | _a370.196,DIL | ||
| 100 |
_aDil, anwar _96677 |
||
| 245 |
_aIntercultural Learning : _bU.S International University (Vol-2 ) / _cAnwar Dil |
||
| 260 |
_aIslamabad _bInt Forum _c2007 |
||
| 300 | _a552 p.; | ||
| 505 | _aSome Remembrances of Learning Together (Page-17), List of Illustrations (Page-533). | ||
| 942 |
_2ddc _cBK _k370.196,DIL |
||
| 999 |
_c176870 _d176870 |
||